[Event "Challenge"]
[Site "http://www.queenalice.com/game.php?id=826250"]
[Date "2010.9.1"]
[Round "-"]
[White "AuntieRenie"]
[Black "moronipimenta"]
[Result "0-1"]
[WhiteElo "1572"]
[BlackElo "1585"]

1. c4 d6 2. Nc3 e6 3. d4 Nf6 4. Nf3 Nc6 5. g3 d5 6. cxd5 exd5 7. Bg2 g6 8. Bf4
Bd6 9. Bh6 Ng4 10. Bd2 Qf6 11. Nxd5 Qe6 12. Ng5 Qf5 13. Nxc7+ Kf8 14. Nf3 Bxc7
15. h3 Nf6 16. Bg5 Ba5+ 17. Bd2 Qe4 18. Bc3 Bxc3+ 19. Kf1 Bxb2 20. Rb1 Bxd4 21.
Nxd4 Qxd4 22. Qxd4 Nxd4 23. Bxb7 Bxb7 24. Rxb7 Kg7 25. e3 Nc2 26. Kg2 a5 27. Rc1
Nb4 28. Rcc7 Rhf8 29. a3 Nbd5 30. Rc2 Rab8 31. Ra7 Ra8 32. Rb7 Rac8 33. Rcb2 Rc3
34. a4 Ra3 35. Ra7 Rxa4 36. Rbb7 Ra2 37. h4 Nxe3+ 38. Kf3 Neg4 39. Rb6 Rxf2# 0-1

[Event "Challenge"]
[Site "http://www.queenalice.com/game.php?id=836293"]
[Date "2010.9.22"]
[Round "-"]
[White "moronipimenta"]
[Black "AuntieRenie"]
[Result "1-0"]
[WhiteElo "1600"]
[BlackElo "1567"]

1. Nc3 e5 2. Nf3 Nf6 3. Nxe5 d6 4. Nf3 g6 5. b3 Bg7 6. Bb2 O-O 7. e3 c5 8. d3
Nbd7 9. Be2 b6 10. Nb5 Ne5 11. Nxe5 dxe5 12. Bxe5 Bd7 13. d4 Bc6 14. Rg1 Qd7 15.
Nc7 Rad8 16. Na6 cxd4 17. exd4 Ne4 18. Bxg7 Kxg7 19. d5 Bxd5 20. f3 Nc3 21. Qd4+
Kg8 22. Qxc3 Bb7 23. Nb4 Qe7 24. Kf1 Rd6 25. Re1 Rc8 26. Bc4 Qc7 27. Qe5 Qc5 28.
Qxc5 Rxc5 29. Re8+ Kg7 30. Re7 Rd1+ 31. Kf2 Rd2+ 32. Ke3 Rd6 33. Rxf7+ Kh6 34.
Rxb7 a5 35. Nd3 Rh5 36. g4 Rh3 37. g5+ Kh5 38. Rxh7# 1-0

[Event "AUTO-OPEN-2119"]
[Site "http://www.queenalice.com/game.php?id=839660"]
[Date "2010.9.29"]
[Round "1"]
[White "otsenrechess"]
[Black "moronipimenta"]
[Result "1-0"]
[WhiteElo "2103"]
[BlackElo "1596"]

1. e4 e5 2. Nf3 Nc6 3. Bb5 f6 4. c3 Nge7 5. d4 exd4 6. cxd4 d5 7. e5 a6 8. exf6
axb5 9. fxe7 Qxe7+ 10. Be3 Qb4+ 11. Nc3 Qxb2 12. Bd2 Bf5 13. O-O O-O-O 14. a4 b4
15. Ra2 bxc3 16. Rxb2 cxb2 17. Qb3 b1=Q 18. Rxb1 Bxb1 19. Qxb1 b6 20. Qb5 Na7
21. Qa6+ Kb8 22. Bg5 Re8 23. Bf4 Bd6 24. Bxd6 Nc8 25. Be5 Na7 26. Qxb6+ 1-0

[Event "AUTO-OPEN-2119"]
[Site "http://www.queenalice.com/game.php?id=839661"]
[Date "2010.9.29"]
[Round "1"]
[White "moronipimenta"]
[Black "otsenrechess"]
[Result "0-1"]
[WhiteElo "1594"]
[BlackElo "2104"]

1. Nc3 d5 2. d4 e6 3. e3 c5 4. Nf3 Nc6 5. Bb5 Bd7 6. O-O Bd6 7. g3 Nf6 8. dxc5
Bxc5 9. Bd2 O-O 10. a3 e5 11. Bxc6 bxc6 12. Nxe5 Re8 13. Nxd7 Qxd7 14. Ne2 Bb6
15. Nc3 Qh3 16. Qf3 Nd7 17. e4 dxe4 18. Nxe4 Ne5 19. Qg2 Qg4 20. Rfe1 Nf3+ 21.
Kf1 Rxe4 22. Rxe4 Nxd2+ 23. Kg1 Nxe4 24. h3 Qxg3 25. Qxg3 Nxg3 26. Re1 Kf8 0-1

[Event "AUTO-OPEN-2119"]
[Site "http://www.queenalice.com/game.php?id=839680"]
[Date "2010.9.29"]
[Round "1"]
[White "robertson"]
[Black "moronipimenta"]
[Result "0-1"]
[WhiteElo "1636"]
[BlackElo "1656"]

1. Nc3 e6 2. e4 Bc5 3. d4 Bb4 4. Qd3 c5 5. a3 Bxc3+ 6. bxc3 cxd4 7. Qxd4 Nf6 8.
Bd3 Qc7 9. Bg5 Nc6 10. Qe3 Qe5 11. Ne2 Ng4 12. Qf4 Qxf4 13. Nxf4 h6 14. Bxh6
Rxh6 15. h3 d6 16. f3 Nge5 17. Bb5 Bd7 18. Bxc6 Bxc6 19. O-O O-O-O 20. a4 Nc4
21. Ra2 d5 22. exd5 Bxd5 23. Nd3 Nd2 24. Rf2 Bxa2 25. Rxd2 Rh4 26. a5 Ra4 27.
Rd1 Rxa5 28. Ra1 Rdd5 29. Nb4 Bc4 30. Re1 Rdc5 31. Re3 Ra1+ 32. Kh2 Bf1 33. g4
a5 34. Nd3 Rxc3 35. Kg3 a4 36. Re4 Bxd3 37. cxd3 a3 38. g5 Rg1+ 39. Kh4 Rg2 40.
Re3 a2 41. Re1 Rxd3 42. Rf1 Rd8 43. Rc1+ Kb8 0-1

[Event "AUTO-OPEN-2119"]
[Site "http://www.queenalice.com/game.php?id=839681"]
[Date "2010.9.29"]
[Round "1"]
[White "moronipimenta"]
[Black "robertson"]
[Result "1-0"]
[WhiteElo "1671"]
[BlackElo "1583"]

1. e3 e5 2. Bc4 Nf6 3. Qf3 a6 4. d4 exd4 5. exd4 Nc6 6. Be3 Qe7 7. d5 Nd4 8. Qd1
Nf5 9. Qe2 Qe5 10. Bf4 Qxe2+ 11. Nxe2 c6 12. dxc6 dxc6 13. Nbc3 Bc5 14. Bg5 Nd7
15. Ne4 Bb6 16. O-O-O O-O 17. Kb1 Ne5 18. Bb3 Bd7 19. g4 Nh4 20. Bxh4 Bxg4 21.
N4c3 Rae8 22. Bg3 Nf3 23. Bd6 Ng5 24. Bxf8 Rxf8 25. f4 Nh3 26. Rd2 Re8 27. Re1
Be3 28. Ng1 Nxf4 29. Rxe3 Ne6 30. Rd7 b5 31. h3 Bf5 32. Re5 g6 33. Rd6 Re7 34.
Rxc6 Kg7 35. Rxa6 b4 36. a3 bxc3 37. bxc3 Kf6 38. Re3 h5 39. Ne2 Kg5 40. Rd6 Kh4
41. Nf4 Rb7 42. Nxe6 fxe6 43. Rf3 e5 44. Ka2 Rg7 45. Re3 Re7 46. Rb6 e4 47. Bd5
Bxh3 48. Rxe4+ Rxe4 49. Bxe4 g5 50. a4 g4 51. a5 g3 52. a6 Kg4 53. a7 Bf1 54.
a8=Q Kh3 55. Rg6 h4 56. Qc8+ Kh2 57. c4 h3 58. Qb8 Bxc4+ 59. Kb2 Bf1 60. Qxg3#
1-0

[Event "AUTO-OPEN-2119"]
[Site "http://www.queenalice.com/game.php?id=839690"]
[Date "2010.9.29"]
[Round "1"]
[White "johndavidtelker"]
[Black "moronipimenta"]
[Result "0-1"]
[WhiteElo "1756"]
[BlackElo "1615"]

1. e4 Nc6 2. Nf3 Nf6 3. Nc3 e5 4. Bc4 Bc5 5. O-O Na5 6. Bb3 Ng4 7. d4 Nxb3 8.
axb3 exd4 9. Nxd4 O-O 10. h3 Ne5 11. Nf5 d6 12. Ne3 a6 13. f4 Nc6 14. Kh1 Bd7
15. Ned5 Ne7 16. b4 Nxd5 17. bxc5 Nxc3 18. bxc3 Bb5 19. Rf2 dxc5 20. Be3 b6 21.
Qg4 g6 22. f5 Bd7 23. Qf4 Bc6 24. e5 Qd7 25. f6 Kh8 26. Qh6 Rg8 27. Rf4 g5 28.
Rg4 Qd5 29. Rg1 Qxe5 30. Bxg5 Qxc3 31. Rh4 Qxc2 32. Rg4 Rae8 33. Rh4 Rxg5 34.
Qxg5 Rg8 35. Qf4 Rxg2 0-1

[Event "AUTO-OPEN-2119"]
[Site "http://www.queenalice.com/game.php?id=839691"]
[Date "2010.9.29"]
[Round "1"]
[White "moronipimenta"]
[Black "johndavidtelker"]
[Result "1-0"]
[WhiteElo "1637"]
[BlackElo "1705"]

1. Nf3 c6 2. e3 d5 3. Nc3 Bf5 4. Nd4 Bg6 5. Bd3 Nf6 6. Bxg6 hxg6 7. Nf3 Qc7 8.
d4 Nbd7 9. O-O e5 10. dxe5 Nxe5 11. h3 Bd6 12. Nxe5 Bxe5 13. Ne2 Ne4 14. c3
O-O-O 15. Bd2 f5 16. Nd4 Qd6 17. Kh1 a6 18. Qc2 Rdf8 19. Nf3 Bf6 20. Nd4 Bh4 21.
g3 Bf6 22. Kg2 Rh5 23. Nf3 g5 24. Ng1 Be5 25. f4 gxf4 26. exf4 Bf6 27. Nf3 Rfh8
28. Rh1 R5h6 29. Be1 Rg6 30. Kh2 Kb8 31. Bf2 c5 32. Rad1 Rd8 33. Rhe1 d4 34.
cxd4 cxd4 35. Bxd4 Bxd4 36. Nxd4 Qf6 37. Ne2 Rxd1 38. Rxd1 Qc6 39. Rd8+ Ka7 40.
Qd3 Qb6 41. Qd4 Qxd4 42. Rxd4 Rd6 43. Rxd6 Nxd6 44. Nd4 Kb6 45. Ne6 Nc4 46. Nxg7
Ne3 47. Kg1 Kc5 48. Kf2 Kd4 49. Kf3 b6 50. h4 1-0

[Event "adelio X moroni"]
[Site "http://www.queenalice.com/game.php?id=841902"]
[Date "2010.10.4"]
[Round "-"]
[White "moronipimenta"]
[Black "adelio"]
[Result "1-0"]
[WhiteElo "1673"]
[BlackElo "1672"]

1. Nc3 Nf6 2. Nf3 g6 3. b3 Bg7 4. Bb2 O-O 5. e3 d5 6. a4 Bg4 7. h3 Bxf3 8. Qxf3
Ne4 9. d4 c5 10. Nxe4 dxe4 11. Qxe4 Nc6 12. c3 cxd4 13. exd4 Qc7 14. Bd3 Rad8
15. O-O Rfe8 16. Rfe1 e6 17. Bb5 Rd5 18. Qxd5 exd5 19. Rxe8+ Bf8 20. Rae1 Kg7
21. Bc1 Bd6 22. Bg5 h6 23. Bd2 a6 24. Bd3 Nd8 25. Kh1 Ne6 26. R1xe6 fxe6 27.
Rxe6 Qf7 28. Rxd6 Qxf2 29. Rxg6+ Kf7 30. Bxh6 Qe1+ 31. Kh2 Qxc3 32. Rg3 Qxd4 33.
Rf3+ Ke7 34. Bg5+ Kd6 35. Bf4+ Kc6 36. g4 Qb2+ 37. Kg3 Kc5 38. Bf1 Qg7 39. h4 b5
40. h5 bxa4 41. bxa4 a5 42. h6 Qa1 43. Bb5 Qg1+ 44. Kh4 Qh1+ 45. Rh3 Qe1+ 46.
Kh5 Qe6 47. g5 Qxh3+ 48. Kg6 Qe6+ 49. Kh5 Qf5 50. Bd2 Qh3+ 51. Kg6 Qe6+ 52. Kh5
Qf7+ 53. Kg4 Qe6+ 54. Kh5 Qf7+ 55. Kg4 Qc7 56. g6 Qc8+ 57. Kg5 Qd8+ 58. Kh5 Qc7
59. h7 Qh2+ 60. Kg4 Qg1+ 61. Kf5 Qf2+ 62. Ke6 Qf8 63. Bg5 Qd6+ 64. Kf7 Qc7+ 65.
Be7+ Kb6 66. h8=Q Qf4+ 67. Qf6+ Qxf6+ 68. Bxf6 Kc5 69. g7 d4 70. g8=Q d3 71.
Qc8+ Kd5 72. Qc4+ Kd6 73. Qxd3+ Kc7 74. Qc3+ Kb8 75. Be5+ Ka7 76. Qxa5+ Kb7 77.
Qa6# 1-0

[Event "AUTO-INT-1851"]
[Site "http://www.queenalice.com/game.php?id=849497"]
[Date "2010.10.23"]
[Round "1"]
[White "loulou429"]
[Black "moronipimenta"]
[Result "1-0"]
[WhiteElo "1690"]
[BlackElo "1680"]

1. e4 Nf6 2. e5 Nd5 3. d4 e6 4. Nf3 c6 5. c4 Nc7 6. Bd3 Bb4+ 7. Bd2 Nba6 8. a3
Be7 9. O-O O-O 10. Nc3 d6 11. Qe2 b6 12. b4 dxe5 13. dxe5 Bd7 14. Rfb1 Re8 15.
Qe4 g6 16. Be3 Rf8 17. Bh6 Re8 18. b5 Nc5 19. Qe3 Nxd3 20. Qxd3 Bf8 21. Bg5 Qc8
22. a4 cxb5 23. cxb5 Rd8 24. Bxd8 Qxd8 25. Ne4 Nd5 26. Qd2 a5 27. Rc1 Bg7 28.
Nc3 Qb8 29. Qe2 f6 30. Nxd5 fxe5 31. Nc3 Bh6 32. Rd1 Ra7 33. Nxe5 Qd8 34. Qf3
Be8 35. Rxd8 Re7 36. Rad1 Bg7 37. Nc6 Rf7 38. Rxe8+ Bf8 39. Qe3 Kg7 40. Qxe6 Rf6
41. Rd7+ 1-0

[Event "AUTO-INT-1851"]
[Site "http://www.queenalice.com/game.php?id=849498"]
[Date "2010.10.23"]
[Round "1"]
[White "moronipimenta"]
[Black "loulou429"]
[Result "0-1"]
[WhiteElo "1690"]
[BlackElo "1673"]

1. e3 e5 2. Nc3 Nc6 3. d4 exd4 4. exd4 Qe7+ 5. Be3 Nf6 6. d5 Ne5 7. Nf3 d6 8.
Bb5+ c6 9. dxc6 bxc6 10. Bxc6+ Nxc6 11. Nd5 Nxd5 12. O-O Nxe3 13. fxe3 Qxe3+ 14.
Rf2 Be7 15. Qd5 Bb7 16. c3 O-O 17. Re1 Qc5 18. Qb3 Na5 19. Qc2 Qc7 20. b4 Nc4
21. Nd4 Bh4 22. g3 Bf6 23. Nb5 Qc6 24. Rg2 Qxb5 25. Rf2 Rfe8 26. Rf5 d5 27. a4
Rxe1+ 28. Kg2 Ne3+ 0-1

[Event "AUTO-INT-1851"]
[Site "http://www.queenalice.com/game.php?id=849509"]
[Date "2010.10.23"]
[Round "1"]
[White "Benvenutti"]
[Black "moronipimenta"]
[Result "1-0"]
[WhiteElo "1902"]
[BlackElo "1660"]

1. d4 g6 2. c4 Bg7 3. Nc3 Nf6 4. e4 d6 5. Nf3 O-O 6. Be2 c5 7. d5 Nfd7 8. O-O
Na6 9. Bf4 Bxc3 10. bxc3 Nc7 11. Bh6 Re8 12. Qc2 e6 13. Rfe1 f6 14. Bd2 Re7 15.
Bd3 Na6 16. Re3 g5 17. Rae1 Nb6 18. h3 Bd7 19. Nh2 Ba4 20. Qc1 Nc7 21. Ng4 Qf8
22. Rf3 Rf7 23. Ne3 Nd7 24. dxe6 Nxe6 25. Nf5 Ne5 26. Rg3 h5 27. Bf1 h4 28. Rge3
Nxc4 29. Bxc4 Re8 30. Bb3 Bxb3 31. axb3 b6 32. Rd3 a5 33. Rxd6 Rb7 34. e5 fxe5
35. Rxe5 Rf7 36. Rdxe6 Rxe6 37. Rxe6 Rxf5 38. Be3 b5 39. Rg6+ Kh7 40. Rxg5 c4
41. Rxf5 Qxf5 42. bxc4 bxc4 43. Qa3 Qb1+ 44. Kh2 Qb8+ 45. g3 hxg3+ 46. fxg3 Qe5
47. Qc5 Qxc3 48. Qe7+ Kg6 49. Qg5+ Kf7 50. Qf4+ Ke6 51. Qd4 Qxd4 52. Bxd4 Kd5
53. Bc3 a4 54. h4 Ke6 55. h5 Kf5 56. g4+ Kg5 57. Kg2 a3 58. Kf3 a2 59. Ke4 Kh6
60. Kd4 1-0

[Event "AUTO-INT-1851"]
[Site "http://www.queenalice.com/game.php?id=849510"]
[Date "2010.10.23"]
[Round "1"]
[White "moronipimenta"]
[Black "Benvenutti"]
[Result "0-1"]
[WhiteElo "1660"]
[BlackElo "1851"]

1. e3 d5 2. Bb5+ Bd7 3. Qe2 Nf6 4. Bxd7+ Qxd7 5. Nf3 c6 6. Ne5 Qc7 7. d4 Nbd7 8.
Nxd7 Qxd7 9. O-O e6 10. Nc3 Be7 11. Bd2 O-O 12. a3 Rfe8 13. Qf3 Bd6 14. e4 dxe4
15. Nxe4 Nxe4 16. Qxe4 Rad8 17. Bc3 Be7 18. Rfd1 Bf6 19. Qg4 Qe7 20. Bb4 Qd7 21.
Bc3 Qc7 22. Qe2 Rd5 23. Qe3 Red8 24. Rd3 Qd7 25. h3 h6 26. Ba5 Re8 27. Bc3 Rd8
28. Rad1 a6 29. Ba5 Re8 30. Bb6 Bd8 31. Bxd8 Rxd8 32. c3 c5 33. dxc5 Rxd3 34.
Rxd3 Qxd3 35. Qxd3 Rxd3 36. Kf1 Rd2 37. b4 Rc2 38. Ke1 Rxc3 39. Kd2 Rxa3 40. g4
Rxh3 41. Ke2 Rb3 42. f3 Rxb4 43. Kd3 Rb3+ 44. Ke4 a5 45. Kd4 Rxf3 46. Ke4 Rb3
0-1

[Event "AUTO-INT-1851"]
[Site "http://www.queenalice.com/game.php?id=849515"]
[Date "2010.10.23"]
[Round "1"]
[White "Romerflu"]
[Black "moronipimenta"]
[Result "1-0"]
[WhiteElo "1476"]
[BlackElo "1660"]

1. e4 b6 2. d4 e6 3. e5 d6 4. exd6 Bxd6 5. Nf3 Nf6 6. Bg5 Bb4+ 7. c3 Be7 8. Bxf6
Bxf6 9. Bc4 e5 10. dxe5 Qxd1+ 11. Kxd1 Be7 12. Nbd2 Nd7 13. Bd5 O-O 14. e6 Nc5
15. Bxa8 Nd3 16. Kc2 Nxf2 17. exf7+ Kh8 18. Bd5 Nxh1 19. Rxh1 c6 20. Bc4 h6 21.
Re1 Bf6 22. Re8 Be7 23. Rxe7 g6 24. Re8 Kg7 25. Rxf8 Kxf8 26. Ne5 Bf5+ 27. Kc1
b5 28. Be2 a6 29. g4 1-0

[Event "AUTO-INT-1851"]
[Site "http://www.queenalice.com/game.php?id=849516"]
[Date "2010.10.23"]
[Round "1"]
[White "moronipimenta"]
[Black "Romerflu"]
[Result "0-1"]
[WhiteElo "1624"]
[BlackElo "1465"]

1. Nc3 e5 2. Nf3 Nc6 3. e4 d6 4. Bc4 a6 5. d3 Bg4 6. h3 Bxf3 7. Qxf3 f6 8. Be3
b5 9. Bd5 Qd7 10. Bxg8 Rxg8 11. Nd5 O-O-O 12. Qg4 Qxg4 13. hxg4 a5 14. O-O-O b4
15. b3 Rh8 16. g5 h5 17. gxf6 gxf6 18. Nxf6 h4 19. g3 h3 20. Bg5 Bh6 21. Bxh6
Rxh6 22. Ng4 Rh5 23. Nf6 Rh6 24. Ng4 Rhh8 25. f3 Nd4 26. Nh2 Ne2+ 27. Kd2 Nxg3
28. Rhg1 Rdg8 29. Ke3 Nh5 30. Kf2 Nf4 31. Rg4 Rxg4 32. Nxg4 h2 33. Rh1 Nh3+ 34.
Kg2 Nf4+ 35. Kg3 Ng6 36. Nxh2 c6 37. Kg2 d5 38. Re1 d4 39. Ng4 c5 40. Rg1 Nf4+
41. Kg3 Ne2+ 0-1

[Event "AUTO-ADV-1946"]
[Site "http://www.queenalice.com/game.php?id=849554"]
[Date "2010.10.23"]
[Round "1"]
[White "Markus1234567"]
[Black "moronipimenta"]
[Result "1-0"]
[WhiteElo "1970"]
[BlackElo "1664"]

1. e4 Nf6 2. e5 Nd5 3. c4 Nb4 4. a3 N4c6 5. d4 d6 6. f4 d5 7. cxd5 Qxd5 8. Nf3
e6 9. Nc3 Qd8 10. Bb5 Bd7 11. O-O Ne7 12. Ng5 Bxb5 13. Rf2 Ba6 14. b4 Bc4 15.
Qa4+ Nd7 16. b5 Nb6 17. Qd1 Nf5 18. Nf3 a6 19. bxa6 Bxa6 20. a4 Nc4 21. a5 c6
22. Rfa2 Bb4 23. Ne4 Nfe3 24. Bxe3 Nxe3 25. Qb3 Nd5 26. Ra4 Be7 27. Nc5 Bxc5 28.
dxc5 Bb5 29. R4a3 O-O 30. h4 Nxf4 31. Rd1 Nd5 32. Qa2 Re8 33. Ng5 h6 34. Ne4
Qxh4 35. Nd6 Qg4 36. Rf3 Nc3 37. Qb3 Nxd1 38. Nxe8 Qd4+ 39. Kh2 Rxe8 40. Qc2 Ne3
41. Qc1 Ng4+ 42. Kh3 Nf2+ 43. Kg3 Be2 44. Rxf2 Qg4+ 45. Kh2 Qh5+ 46. Kg1 Qxe5
47. Qe1 Qxc5 48. Qxe2 Qxa5 49. Qf3 Re7 50. Qd3 b5 51. Rf3 Qa7+ 52. Kh2 Qc7+ 53.
Rg3 Rd7 54. Qc3 c5 55. Qxg7# 1-0

[Event "AUTO-ADV-1946"]
[Site "http://www.queenalice.com/game.php?id=849555"]
[Date "2010.10.23"]
[Round "1"]
[White "moronipimenta"]
[Black "Markus1234567"]
[Result "0-1"]
[WhiteElo "1710"]
[BlackElo "1955"]

1. Nc3 d5 2. d4 e6 3. Nf3 Nf6 4. Bg5 Bb4 5. a3 Be7 6. e3 c5 7. Be2 O-O 8. O-O c4
9. Bxf6 Bxf6 10. b3 Qa5 11. b4 Qb6 12. Qd2 Nc6 13. b5 Ne7 14. e4 Ng6 15. exd5
exd5 16. Nxd5 Qd8 17. Nxf6+ Qxf6 18. Rfe1 Be6 19. Qc3 Rac8 20. Rab1 Rc5 21. Bd3
Nf4 22. g3 Nxd3 23. Re3 Rf5 24. cxd3 Rxf3 25. dxc4 Rxf2 26. d5 Bh3 27. Qxf6 Rxf6
28. c5 Rc8 29. c6 bxc6 30. bxc6 Kf8 31. a4 Rd8 32. Re5 g6 33. Rc1 Rc8 34. Re4 h5
35. Rd4 Ke7 36. c7 Kd7 37. Rdc4 Rf5 38. Rc5 Kd6 39. a5 Rxd5 40. Rxd5+ Kxd5 41.
Rd1+ Kc6 42. Rc1+ Kb5 43. Kf2 Kxa5 44. Kf3 Kb6 45. Rc3 Rxc7 46. Rb3+ Ka5 47. Kf4
Ka4 48. Re3 Rc4+ 49. Kg5 a5 50. Kf6 Be6 0-1

[Event "AUTO-ADV-1946"]
[Site "http://www.queenalice.com/game.php?id=849566"]
[Date "2010.10.23"]
[Round "1"]
[White "maurice91"]
[Black "moronipimenta"]
[Result "1/2-1/2"]
[WhiteElo "1756"]
[BlackElo "1683"]

1. d4 b6 2. e4 c6 3. c4 Bb7 4. Nc3 e6 5. Nf3 Bb4 6. Bd2 c5 7. d5 Nf6 8. Be2 Bxc3
9. Bxc3 Nxe4 10. Qd3 Nxc3 11. bxc3 O-O 12. O-O a6 13. a4 d6 14. Nd2 Re8 15. Bf3
exd5 16. cxd5 Nd7 17. Be4 Nf6 18. f3 a5 19. c4 Ba6 20. Rfc1 Qc7 21. Rcb1 Re5 22.
Rb2 Rae8 23. Rab1 Rb8 24. Re1 Kh8 25. f4 Ree8 26. g3 Qd7 27. Re2 g6 28. Kg2 Qxa4
29. h3 b5 30. Qc3 b4 31. Qxf6+ Kg8 32. Qxd6 Ra8 33. Qxc5 Rac8 34. Qd4 b3 35. Qb6
Bxc4 36. Nxc4 Qxc4 37. Qe3 f5 38. Qxb3 Qxb3 39. Rxb3 fxe4 40. d6 Rcd8 41. Rb6
Re6 42. Ra6 Rdxd6 43. Rxa5 Rd4 44. Raa2 Rd3 45. Ra1 e3 46. Rae1 Rd2 47. Kf3 h6
48. Rxe3 Rxe3+ 49. Rxe3 Kf7 50. h4 h5 51. g4 hxg4+ 52. Kxg4 Rg2+ 53. Kh3 Rf2 54.
Kg3 Rf1 55. Rf3 Rg1+ 56. Kh2 Rg4 57. Kh3 Rg1 58. f5 g5 59. hxg5 Rxg5 60. Kh4 Kf6
61. Rf4 Rxf5 62. Rxf5+ Kxf5 63. Kh5 1/2-1/2

[Event "AUTO-ADV-1946"]
[Site "http://www.queenalice.com/game.php?id=849567"]
[Date "2010.10.23"]
[Round "1"]
[White "moronipimenta"]
[Black "maurice91"]
[Result "0-1"]
[WhiteElo "1704"]
[BlackElo "1746"]

1. e3 e5 2. Bc4 Nf6 3. Nf3 d5 4. Bb5+ c6 5. Be2 e4 6. Ne5 Be6 7. f4 exf3 8. Bxf3
Bd6 9. Nd3 Qc7 10. g3 Nbd7 11. Nf4 Ne5 12. Nxe6 fxe6 13. Bg2 O-O 14. O-O Ng6 15.
d3 Rad8 16. Nc3 e5 17. e4 dxe4 18. dxe4 Bc5+ 19. Kh1 Rxd1 20. Rxd1 b5 21. Rd3
Bb6 22. Bg5 Bd4 23. Rf1 a5 24. Bxf6 gxf6 25. a3 Kg7 26. Rfd1 Rf7 27. b3 Rd7 28.
Ne2 c5 29. c3 c4 30. bxc4 bxc4 31. R3d2 Nf8 32. Nxd4 exd4 33. cxd4 Ne6 34. d5
Nc5 35. Rc2 Nd3 36. Bh3 Rd6 37. Rxd3 Qc5 38. Rdc3 Qb6 39. Rxc4 Qb1+ 40. Rc1 Qb3
41. Rc7+ Kh6 42. R7c3 Qa4 43. Bf5 Qd4 44. Rc7 Qe3 45. Rxh7+ Kg5 46. Rg7+ Kh6 47.
Rg6+ Kh5 48. Rg4 Qxc1+ 49. Kg2 Qd2+ 50. Kh3 Rxd5 51. exd5 Qxd5 52. Rh4+ Kg5 53.
Bg4 Qh1 54. Rh5+ Kg6 55. Rxa5 Qf1+ 56. Kh4 Qg2 57. h3 Qd2 58. Bf5+ Kh6 59. Kg4
Qxa5 60. Kf4 Qxa3 61. h4 Qc1+ 62. Kg4 Qe3 63. Kh3 Qf3 64. Bc8 f5 65. Bxf5 Qxf5+
66. Kg2 Kh5 67. Kh2 Kg4 68. Kg2 Qc2+ 69. Kg1 Kxg3 70. h5 Qg2# 0-1

[Event "AUTO-ADV-1946"]
[Site "http://www.queenalice.com/game.php?id=849574"]
[Date "2010.10.23"]
[Round "1"]
[White "moronipimenta"]
[Black "KasparovPadawan"]
[Result "0-1"]
[WhiteElo "1689"]
[BlackElo "1860"]

1. b3 e5 2. Bb2 Nc6 3. Nc3 d5 4. e4 d4 5. Nd5 Bd6 6. Bb5 Bd7 7. Nf3 a6 8. Bc4 b5
9. Bd3 h6 10. c3 dxc3 11. dxc3 Nge7 12. a4 Nxd5 13. exd5 Ne7 14. c4 Bb4+ 15. Nd2
bxa4 16. O-O Bxd2 17. Qxd2 axb3 18. Bxe5 O-O 19. Qb2 f6 20. Bd4 Qb8 21. Ra3 a5
22. Rxb3 Qe8 23. Be4 Nc8 24. Qc2 Ba4 25. Bh7+ Kh8 26. Bg6 Bxb3 27. Bxe8 Bxc2 28.
Bc6 Rb8 29. Bc5 Nd6 30. Bxd6 cxd6 31. Rc1 f5 32. Rxc2 Rb1+ 0-1

[Event "AUTO-ADV-1946"]
[Site "http://www.queenalice.com/game.php?id=849575"]
[Date "2010.10.23"]
[Round "1"]
[White "KasparovPadawan"]
[Black "moronipimenta"]
[Result "0-1"]
[WhiteElo "1884"]
[BlackElo "1686"]

1. e4 e5 2. Bc4 d6 3. h3 g6 4. Nf3 Nc6 5. O-O Nf6 6. Nc3 Nd4 7. d3 Nxf3+ 8. Qxf3
Be7 9. Bh6 c6 10. a4 Bd7 11. b4 Bf8 12. Qe3 Bxh6 13. Qxh6 Nh5 14. g4 Qh4 15.
gxh5 Bxh3 16. Bxf7+ Kxf7 17. hxg6+ hxg6 18. Qxh4 Rxh4 19. Rfe1 Rg4+ 20. Kh2 Rh8
21. Re3 Bf1+ 0-1

[Event "OS INCLIVEIS"]
[Site "http://www.queenalice.com/game.php?id=866278"]
[Date "2010.12.1"]
[Round "-"]
[White "adelio"]
[Black "moronipimenta"]
[Result "1-0"]
[WhiteElo "1707"]
[BlackElo "1637"]

1. g3 b6 2. Bg2 Nc6 3. b4 b5 4. Bb2 Nf6 5. d3 Bb7 6. Nd2 d5 7. a3 e5 8. h3 g6 9.
e3 Bg7 10. Ngf3 O-O 11. Nxe5 Nxe5 12. Bxe5 Ne8 13. Bxg7 Nxg7 14. O-O Rb8 15. d4
Re8 16. Nf3 c6 17. Qd3 Bc8 18. g4 a6 19. Rae1 Qf6 20. Re2 Bd7 21. Rfe1 Ne6 22.
Ne5 Qe7 23. g5 Rbd8 24. Nxd7 Rxd7 25. e4 Nf4 26. Qg3 Nxe2+ 27. Rxe2 Qd8 28. e5
Rde7 29. h4 a5 30. f4 Qa8 31. c3 Qa7 32. Bf3 axb4 33. h5 bxc3 34. hxg6 Qxd4+ 35.
Kh2 fxg6 36. Qh4 Qa4 37. Kg3 Qxa3 38. Rh2 Qa1 39. f5 gxf5 40. g6 Rg7 41. Kf2
Rxg6 42. Qxh7+ Kf8 43. Qh8+ Ke7 44. Qh4+ Kd7 45. Qh7+ Kd8 46. Qxg6 Qb2+ 47. Be2
Rxe5 48. Qd6+ Kc8 49. Qxc6+ Kd8 50. Qd6+ Kc8 51. Rh8+ Kb7 52. Rh7+ Kc8 53. Qc7#
1-0

[Event "Bishops long"]
[Site "http://www.queenalice.com/game.php?id=880819"]
[Date "2011.1.3"]
[Round "-"]
[White "jeffcom2f"]
[Black "moronipimenta"]
[Result "1-0"]
[WhiteElo "1846"]
[BlackElo "1602"]

1. d4 d5 2. Bf4 Nc6 3. e3 Bf5 4. a3 b6 5. Nf3 e6 6. Bb5 Qd7 7. Ne5 Qd6 8. Nxc6
Qd7 9. Ne7 Qxb5 10. Nxf5 Qxb2 11. Nd2 Bxa3 12. Nxg7+ Kd7 13. Rb1 Qc3 14. O-O Ne7
15. Rb3 Qa5 16. e4 Rag8 17. Bh6 dxe4 18. Nxe4 Nf5 19. Nxe6 Nxh6 20. N6c5+ Bxc5
21. dxc5+ Kc8 22. cxb6 axb6 23. Qf3 Nf5 24. Ra3 Nd4 25. Qd3 Qe5 26. c3 Nc6 27.
Ra8+ Nb8 28. Rd1 Rg4 29. Qa6# 1-0

[Event "Challenge"]
[Site "http://www.queenalice.com/game.php?id=882986"]
[Date "2011.1.8"]
[Round "-"]
[White "zeoliveira100870"]
[Black "moronipimenta"]
[Result "1-0"]
[WhiteElo "1619"]
[BlackElo "1592"]

1. e4 e5 2. Bc4 Nf6 3. d3 d6 4. Nf3 Bg4 5. h3 Bxf3 6. Qxf3 Be7 7. O-O Nbd7 8.
Bg5 Nb6 9. Na3 h6 10. Be3 c6 11. Rad1 d5 12. exd5 cxd5 13. Bb5+ Nbd7 14. c4 a6
15. Ba4 1-0